000 003910000a22001570004500
020 _a978-958-30-2325-5
082 0 4 _aB T313m
100 1 _aTexier, Ophélie
245 1 0 _aMi amigo / Ophélie Texier ; traducido por Sandra Sicard
260 _aBogotá : Panamericana
300 _a10 Pag.
440 0 _aCol. Minikidi
500 _aTítulo orignial: Mon ami
001 1301
942 _cLGB
999 _c48471
_d48471